00645 2200241 4500001002100000005001700021008004100038035002400079082001100103090001600114245008300130250001100213260003500224300002500259650002300284700001500307700001900322700001300341850001500354980001300369985000600382999001500388YOGYA-0209000000944520090227021218.0 ind  0010-020900000009445 a297.97 a297.97bGer aGERAKAN Islam kontemporer di Indonesiaceditor, Abdul Aziz Tholkhah, Soetarman aCet. 1 aJakartabPustaka Firdausc1989 aviii, 337 hlmc18 cm aIslam - Organisasi aAbdul Aziz aTholkhah, Imam aSutarman aYOPDYOG(B) a16-06-05 a1 aP000029645